Láska cyklus pěti písní : pro vysoký hlas a orchestr : klavírní úprava skladatelova : (1916-1921) /

Hlavní autor: Jeremiáš, Otakar, 1892-1962
Jazyk: Čeština
Vydáno: Praha : Hudební matice Umělecké besedy, 1949
Fyzický popis: 1 partitura (46 s.)
Hudebniny Hudebniny
Uloženo v:
LEADER 00876ncm a22002172a 4500
001 001263123
003 CZ BrMZK
005 20150601134716.0
007 qu
008 121102s1949 xr |||||||||||||||||cze d
040 |a BOA001  |b cze 
072 7 |a 784  |x Vokální hudba  |2 Konspekt  |9 9 
100 1 |a Jeremiáš, Otakar,  |d 1892-1962  |7 jk01051481  |4 cmp  |4 arr 
245 1 0 |a Láska  |h [hudebnina] :  |b cyklus pěti písní : pro vysoký hlas a orchestr : klavírní úprava skladatelova : (1916-1921) /  |c Otakar Jeremiáš 
260 |a Praha :  |b Hudební matice Umělecké besedy,  |c 1949 
300 |a 1 partitura (46 s.) 
910 |a BOA001  |b Mus4-0237.747 
990 |a MU 
991 |b 201211 
996 7 |b 2619493004  |c Mus4-0237.747  |l MZK  |r Sklad / do 1 hodiny  |n 0  |w 001297094  |u 000010  |a 1  |e BOA001  |j MZK50  |s A 
996 6 |b 2619493005  |c Mus4-0237.747  |l MZK  |r Sklad / do 1 hodiny  |n 0  |w 001297094  |u 000020  |a 1  |e BOA001  |j MZK50  |s P